00540nam a22001937a 450000500170000002000180001704100080003508200290004324500500007225000130012226000310013530000430016644000390020965000190024865000140026765000190028170000210030085600250032120260219170508.0 a1-58829-843-4 aeng 223rd ed. a631.5233bAGR aAgrobacterium protocols cedited by Kan Wang  a2nd ed.  aNew Jersey bHumana c2006 axxiii, 485p.; ill.; tables.; c23 cm.  aMethods in Molecular Biology v344 aAgrobacterium  aGenetics  aProtocol-books aWang, Kan (ed.)  uwww.humanapress.com